000 00812nas a2200277 4500
001 BR0800885
003 BR-BrBNA
005 20231205111615.0
007 ta
008 230509b bl.|||p| |||| 00| 00por d
040 _aBR-BrBNA
_bpor
_cBiblioteca Nacional de Agricultura
041 _a(Pt)
072 _aL53
100 1 _aFernandes, L.
100 1 _aCarvalho, F.P.
100 1 _aBarreto, M.A.P.
100 1 _aFonseca, C.W.
100 1 _aSilva, J.F.S.
245 1 _aCriopreservação de sêmen equino: um método alternativo
650 _aSÊMEN
650 _aGARANHÃO
650 _aCRIOPRESERVAÇÃO
773 0 _tRevista Brasileira de Reprodução Animal (Brazil)
_xISSN 0102-0803
_g(1997), v. 21(3) p. 135-136
_wBR0800885
909 _a202311
_bLúcia
_c55
_dLúcia Elande
942 _2AGRIS
_n0
_cANA
999 _c193507
_d193507